| 000 | 00965nam a2200229Ia 4500 | ||
|---|---|---|---|
| 001 | 909-PEU ci (7554) | ||
| 003 | IT-MiSPE | ||
| 008 | 171229s9999||||xx |||||||||||||| ||und|| | ||
| 040 |
_aIT-MiSPE _cIT-MiSPE |
||
| 041 | _aFRANCESE | ||
| 100 | _aRobert Mandrou | ||
| 245 | 0 |
_aPeuples et civilisations _bX. Louis XIV: En son temps (1661-1715) |
|
| 250 | _a2a ed. | ||
| 260 |
_aParis _bPUF _c1978 |
||
| 300 |
_a579 p. [v.] _c22 cm |
||
| 490 | _v 10° | ||
| 501 | _aEdizioni San Paolo srl - Piazza Soncino, 5 - 20092 CINISELLO BALSAMO (MI) (non commercial uses only) ® Copyright 2018 | ||
| 520 | _aCart. geo. | ||
| 942 | _cBK | ||
| 957 | _71 | ||
| 999 |
_a18888 _bNO _g Copie: 1 _c355713 _d355713 |
||